| 000 | 00807nam a2200241 a 4500 | ||
|---|---|---|---|
| 005 | 20240614063728.0 | ||
| 008 | 991125s1968 lon 000 0 eng u | ||
| 035 | _aUPN01000006304 | ||
| 049 | _aCG | ||
| 050 | 4 |
_aPE1127 F3 _bL6.2 |
|
| 100 | 1 |
_aLondon, Jack, _d1876-1916 _929024 |
|
| 245 | 1 | 4 |
_aThe call of the wild / _cby Jack London, Brian Heaton and Michael West ; ill. Patricia Marriott |
| 260 |
_aLondon : _bLongman, _c1968 |
||
| 300 |
_a111 p. : _bil. |
||
| 440 | 0 | _aNew method supplementary readers | |
| 500 | _a"Simplified and brought within the vocabulary of new method reader 4" | ||
| 650 | 4 |
_aInglés _vLibros de texto para extranjeros _99168 |
|
| 650 | 4 | _aLIBROS DE LECTURA | |
| 700 | 2 |
_aHeaton, Brian, _ecoaut. |
|
| 700 | 2 |
_aWest, Michael, _ecoaut. |
|
| 904 |
_aAC _b006304 |
||
| 905 | _aLibro | ||
| 999 |
_c6304 _d6304 |
||